Vai trò của tri thức khoa học đối với sự phát triển của lực lượng sản xuất nước ta hiện nay

Tri thức - tri thức khoa học. Tri thức khoa học đối với sự phát triển của lực lượng sản xuất nước ta hiện nay . Một số giải pháp để phát triển tri thức khoa học đối với lực lượng sản xuất nước ta hiện nay

Na minha lista:
Detalhes bibliográficos
Autor principal: Phan, Thị Thùy
Outros Autores: Lê, Hữu Ái PGS.TS (Hướng dẫn)
Formato: Livro
Idioma:Vietnamese
Publicado em: Đại học Đà Nẵng Trường đại học Sư Phạm 2011
Colecção:Luận văn tốt nghiệp đại học. Chuyên ngành : Giáo dục chính trị
Assuntos:
Tags: Adicionar Tag
Sem tags, seja o primeiro a adicionar uma tag!
Thư viện lưu trữ: Mạng thư viện Đại học Đà Nẵng
LEADER 01633nam a2200349 4500
001 000011764
003 8035
005 20120209160236.0
008 120209s2011 viesd
041 |a vie 
072 |a Khóa luận tốt nghiệp 
082 |a 335.41  |b PH-T 
100 |a Phan, Thị Thùy 
245 |a Vai trò của tri thức khoa học đối với sự phát triển của lực lượng sản xuất nước ta hiện nay  |c Phan, Thị Thùy 
260 |a Đại học Đà Nẵng  |b Trường đại học Sư Phạm  |c 2011 
300 |a 75 tr.  |c 29 cm 
490 |a Luận văn tốt nghiệp đại học. Chuyên ngành : Giáo dục chính trị 
500 |a Tham khảo tr. 73 - 75 
520 |a Tri thức - tri thức khoa học. Tri thức khoa học đối với sự phát triển của lực lượng sản xuất nước ta hiện nay . Một số giải pháp để phát triển tri thức khoa học đối với lực lượng sản xuất nước ta hiện nay 
653 |a Luận văn tốt nghiệp đại học 
653 |a Khoa Giáo dục chính trị 
700 |a Lê, Hữu Ái  |c PGS.TS  |e Hướng dẫn 
OWN |a LSP 
AVA |a UDN50  |b LSP  |d 335.41 PH-T  |e available  |t Error 5001 Not defined in file expand_doc_bib_avail.  |f 1  |g 0  |h N  |i 0  |k 1 
999 |a From the UDN01 
AVA |a UDN50  |b LSP  |d 335.41 PH-T  |e available  |t Error 5001 Not defined in file expand_doc_bib_avail.  |f 1  |g 0  |h N  |i 0  |k 1 
TYP |a Monograph 
TYP |a Printed language 
980 |a Mạng thư viện Đại học Đà Nẵng